000
00320nam a22001457a 4500
008
231127b ||||| |||| 00| 0 eng d
020
_a
0300045182
041
_a
eng
080
_a
101
082
_a
101REI
100
_a
44
101
_a
FILOZ
245
_a
JUSTICE MODERN MORD PHILOSOPHY
_c
REIMAN.J
942
_2
udc
_c
BK
999
_c
60537
_d
60537